Central Library OPAC University of Rajshahi

The politics of science : (Record no. 7987)

MARC details
000 -LEADER
fixed length control field 00833cam a22002771 4500
001 - CONTROL NUMBER
control field 7987
003 - CONTROL NUMBER IDENTIFIER
rucl marc code BD-RjUL
005 - DATE AND TIME OF LATEST TRANSACTION
control field 20211208234515.0
008 - FIXED-LENGTH DATA ELEMENTS--GENERAL INFORMATION
fixed length control field 140116s1968 nyu b 001 0 eng
035 ## - SYSTEM CONTROL NUMBER
System control number (OCoLC)ocm00391813
System control number (BD-RjUL)8032
System control number (NNC)1562853
040 ## - CATALOGING SOURCE
Original cataloging agency DLC
Transcribing agency DLC
Modifying agency UKM
-- BD-RjUL
Language of cataloging eng
041 ## - LANGUAGE CODE
Language code of text/sound track or separate title eng
082 00 - DEWEY DECIMAL CLASSIFICATION NUMBER
Classification number 501
Author mark and year POL 1968
245 04 - TITLE STATEMENT
Title The politics of science :
Remainder of title readings in science, technology, and government /
Statement of responsibility, etc. Edited by William R. Nelson.
260 ## - PUBLICATION, DISTRIBUTION, ETC. (IMPRINT)
Place of publication, distribution, etc. New York :
Name of publisher, distributor, etc. Oxford University Press,
Date of publication, distribution, etc. c1968.
300 ## - PHYSICAL DESCRIPTION
Pagination x, 495 p. ;
Size 23 cm.
500 ## - GENERAL NOTE
General note Includes index.
504 ## - BIBLIOGRAPHY, ETC. NOTE
Bibliography, etc Bibliographical footnotes.
650 #0 - SUBJECT ADDED ENTRY--TOPICAL TERM
Topical term or geographic name as entry element Science and state
Geographic subdivision United States.
9 (RLIN) 24150
700 1# - ADDED ENTRY--PERSONAL NAME
Personal name Nelson, William R.
942 ## - ADDED ENTRY ELEMENTS (KOHA)
Source of classification or shelving scheme Dewey Decimal Classification
Koha item type Books
Holdings
Lost status Source of classification or shelving scheme Damaged status Not for loan Collection code Permanent Location Current Location Shelving location Date acquired Source of acquisition Cost, normal purchase price Total Checkouts Full call number Date last seen Copy number Koha item type
  Dewey Decimal Classification     Non-fiction Central Library, University of Rajshahi Central Library, University of Rajshahi   23/06/1970 Zeitlinger 34.00   501 POL 1968 16/01/2014 C-2 Books
  Dewey Decimal Classification     Non-fiction Central Library, University of Rajshahi Central Library, University of Rajshahi   23/06/1970 Zeitlinger 34.00   501 POL 1968 24/08/2016 C-3 Books